Stuck in the Middle with 'C' Quiz Stats

 Plays Quiz Updated Jun 27, 2016

Challenge
Share
Tweet
Embed
Score 0/25 Timer 05:00
1 Play Today
% Correct
can
92.3%
cat
91.6%
crew
91%
cab
91%
cod
90.3%
crack
89.7%
cot
89.2%
cup
88.9%
cape
88.7%
cue
88.5%
cute
87.7%
cop
86.3%
crop
85.8%
% Correct
card
85.3%
crow
84.9%
cite
84.6%
cent
83.5%
corn
82.5%
camp
82.2%
cap
81.3%
cub
80.7%
chant
79%
crease
78.9%
cry
77.6%
case
62.7%

You're not logged in!

Compare scores with friends on all Sporcle quizzes.
Join for Free
OR
Log In

You Might Also Like...

Show Comments

Extras

Top Quizzes Today


Score Distribution

Your Account Isn't Verified!

In order to create a playlist on Sporcle, you need to verify the email address you used during registration. Go to your Sporcle Settings to finish the process.

Report this User

Report this user for behavior that violates our Community Guidelines.

Details: